000
00322nam a22001457a 4500
008
230831b ||||| |||| 00| 0 eng d
020
_a
902770466
041
_a
eng
080
_a
621
082
_a
621BUB
100
_a
19
101
_a
IE
245
_a
THE INTERPRETATION OF QUANTUM MECHANICS
_c
BUB.J
942
_2
udc
_c
BK
999
_c
60225
_d
60225